Catalog

Record Details

Catalog Search



Sisters  Cover Image Book Book

Sisters / Danielle Steel.

Steel, Danielle. (Author).

Record details

  • ISBN: 9780385340229
  • ISBN: 0385340222
  • Physical Description: 341 pages ; 25 cm.
  • Publisher: New York : Delacorte Press, ©2007.

Content descriptions

General Note:
"A Delacorte Press Book."
Subject: Sisters > Fiction.
Models (Persons) > Fiction.
Women television producers and directors > Fiction.
Women lawyers > Fiction.
Women art students > Fiction.
Family reunions > Fiction.
Domestic fiction.
Psychological fiction.

Available copies

  • 1 of 1 copy available at scottsboropl.

Holds

  • 0 current holds with 1 total copy.
Show Only Available Copies
Location Call Number / Copy Notes Barcode Shelving Location Status Due Date
scottsboropl F Ste 32269000775174 Adult - Fiction Available -

LDR 01302pam a2200361 a 4500
001117724
003CONS
00520151123141856.0
008060627s2007 nyu 000 1 eng
010 . ‡a 2006048482
020 . ‡a9780385340229 ‡q(hardcover)
020 . ‡a0385340222 ‡q(hardcover)
035 . ‡a(CPomAG)LMN315880
05000. ‡aPS3569.T33828 ‡bS58 2007
08200. ‡a813/.54 ‡222
1001 . ‡aSteel, Danielle.
24510. ‡aSisters / ‡cDanielle Steel.
260 . ‡aNew York : ‡bDelacorte Press, ‡c©2007.
300 . ‡a341 pages ; ‡c25 cm.
500 . ‡a"A Delacorte Press Book."
650 0. ‡aSisters ‡vFiction.
650 0. ‡aModels (Persons) ‡vFiction.
650 0. ‡aWomen television producers and directors ‡vFiction.
650 0. ‡aWomen lawyers ‡vFiction.
650 0. ‡aWomen art students ‡vFiction.
650 0. ‡aFamily reunions ‡vFiction.
650 0. ‡aDomestic fiction.
650 0. ‡aPsychological fiction.
914 . ‡dNAC_cp
959 . ‡i32269000775174 ‡lF Ste ‡aAdult - Fiction ‡tFiction ‡g27.00
852 . ‡p32269000775174 ‡jF Ste ‡jF Ste ‡gAdult - Fiction ‡gStorage - Adult ‡cFiction ‡cFiction ‡y27.00 ‡y27.00 ‡bSBPL
959 . ‡i32269001102444 ‡lF Ste ‡aStorage - Adult ‡tFiction ‡g27.00
852 . ‡p32269001102444 ‡jF Ste ‡jF Ste ‡gAdult - Fiction ‡gStorage - Adult ‡cFiction ‡cFiction ‡y27.00 ‡y27.00 ‡bSBPL
901 . ‡a117724 ‡bUnknown ‡c117724 ‡tbiblio

Additional Resources